Normal view MARC view
  • Estate Agency News

Entry Corporate Name

Number of records used in: 3

001 - CONTROL NUMBER

  • control field: 5683

003 - CONTROL NUMBER IDENTIFIER

  • control field: SIRSI

005 - DATE AND TIME OF LATEST TRANSACTION

  • control field: 20190806150245.0

008 - FIXED-LENGTH DATA ELEMENTS

  • fixed length control field: 090109n| acannaabn |n ana d

040 ## - CATALOGING SOURCE

  • Original cataloging agency: OSt
  • Transcribing agency: OSt

110 2# - HEADING--CORPORATE NAME

  • Corporate name or jurisdiction name as entry element: Estate Agency News

670 ## - SOURCE DATA FOUND

  • Source citation: Estate agency news